00738nam a2200193Ia 4500008004100000082001300041100002000054245005100074250000800125260002700133300000800160500002400168650001600192942000700208952010400215952010400319952010400423999001700527230524s9999 xx 000 0 und d a4.6bSHA aWilliam A. Shay 0aUnderstanding Data Communications and Networks a2ND aNEW DELHIbVikasc2001 a711 aQuantity Number: 3 aElectronics cBK 00104070aTATCLbTATCLcGENd2023-05-24l0o004.6 SHAp6172r2023-05-24w2023-05-24yBKzCPEC5308 00104070aTATCLbTATCLcGENd2023-05-24l0o004.6 SHAp8841r2023-05-24w2023-05-24yBKzCPEC5308 00104070aTATCLbTATCLcGENd2023-05-24l0o004.6 SHAp8842r2023-05-24w2023-05-24yBKzCPEC5308 c26143d26143